| 000 | 01150cam a2200229 4500 | ||
|---|---|---|---|
| 001 | ABS63256 | ||
| 008 | 000000n2000 000 0 eng u | ||
| 035 | _a(Sirsi) u110187 | ||
| 100 | _aAtkinson, J | ||
| 245 | _aRethinking construction | ||
| 260 | _c2000 | ||
| 490 |
_aContract Journal _v406(6305) 6 December 2000, 16-17(2) |
||
| 520 | _aLooks at the positive impact the government report "Rethinking Construction" has had on the construction industry over the two years since publication. Unlike previous reports, it has instigated real change so far. Reports on progress made by "Rethinking Construction", the Movement for Innovation, and the Housing Forum. While it may be too early to pass judgement - some commentators believe it may be 5 years before the changes are fully realised - it seems that the industry has an initiative that is making an impact and forcing a genuine change in attitude and behaviour. | ||
| 590 | _aABS | ||
| 650 | _aEGAN REFORMS | ||
| 650 | _aEGAN REFORMS | ||
| 650 | _aMOVEMENT FOR INNOVATION | ||
| 650 | _aATTITUDES | ||
| 650 | _aCONSTRUCTION INDUSTRY | ||
| 690 | _aBUILT ENVIRONMENT | ||
| 942 | _n0 | ||
| 999 |
_c65710 _d65710 |
||